| 000 | 01298nas a22003975a 4500 | ||
|---|---|---|---|
| 003 | EG-ScBUE | ||
| 005 | 20220619104039.0 | ||
| 006 | m||||fq||h 00| 0 | ||
| 008 | 110523t2003 enka f 000 f eng d | ||
| 020 | _a1405881976 | ||
| 020 | _a9781405881975 | ||
| 020 | _a9781405879231 (CD-ROM) | ||
| 040 |
_aEG-ScBUE _beng _erda _cEG-ScBUE _dEG-ScBUE |
||
| 082 | 0 | 4 |
_a428.6 _222 _bSHI |
| 100 | 1 |
_aShipton, Vicky, _eauthor. _924033 |
|
| 245 | 1 | 0 |
_aNew York / _cVicky Shipton. |
| 264 | 1 |
_aHarlow, England : _bPearson Education Limited, _c[2003] |
|
| 264 | 4 | _cc2003 | |
| 300 |
_a46 pages : _bcolor illustrations ; _c20 cm + _e2 CD. |
||
| 336 |
_2rdacontent _atext _btxt |
||
| 336 |
_2rdacontent _asounds _bsnd |
||
| 337 |
_2rdamedia _aunmediated _bn |
||
| 337 |
_2rdamedia _aaudio _bs |
||
| 338 |
_2rdacarrier _avolume _bnc |
||
| 338 |
_2rdacarrier _acomputer disc _bcd |
||
| 490 | 0 |
_aPenguin readers ; _vlevel 3 |
|
| 505 | _aSeries Editors: Andy Hopkins and Jocelyn potter | ||
| 521 | _aA2: Pre-Intermediate | ||
| 590 | _aMohamed Hussein | ||
| 650 | 7 |
_924032 _aHigh interest-low vocabulary books. _2BUEsh |
|
| 650 | 7 |
_aEnglish language _xStudy and teaching _xForeign speakers. _2BUEsh |
|
| 651 | _2BUEsh | ||
| 653 |
_cAugust2015 _bHHUUEENN |
||
| 655 |
_vReading book _934232 |
||
| 942 |
_2ddc _cBB |
||
| 999 |
_c15363 _d15363 |
||